000 00835nam2a22002411 4500
001 v19\rc\1264653
005 20250618023220.0
035 _a(NLR Aleph) 004451903
090 _a4477158
_c4477158
100 _a20060306d1894 |||y0rusy50 ca
101 0 _arus
102 _aRU
105 _ay z |||||
200 1 _aДве матери
210 _d1894
_aБ. м.
461 0 _1001v19\rc\1264649
_12001#$aБиблиотека нашего юношества$v№ 4$90
_94477142
_cСанкт-Петербург
_d1894-1895
_nМ.М. Ледерле и К⁰
_tБиблиотека нашего юношества
_v№ 4$90
700 1 _9z02790
_aВалуева-Мунт
_bА.П.
790 1 _9z02700
_aМунт
_bА.П.
801 0 _aRU
_bNLR
_gpsbo
801 1 _aRU
_bProSoft-M
_2rusmarc
852 _aNLR
_j18.187.4.33
942 _cBOOK
980 _aNB